Modeling of Chemical Kinetics and Reactor Design / (Record no. 560032)
[ view plain ]
| 000 -LEADER | |
|---|---|
| fixed length control field | 00423nam a2200145Ia 4500 |
| 008 - FIXED-LENGTH DATA ELEMENTS--GENERAL INFORMATION | |
| fixed length control field | 210428s9999 xx 000 0 und d |
| 020 ## - INTERNATIONAL STANDARD BOOK NUMBER | |
| International Standard Book Number | 0-88415-481-5 |
| 082 ## - DEWEY DECIMAL CLASSIFICATION NUMBER | |
| Classification number | 660.281 C682 M |
| 100 ## - MAIN ENTRY--PERSONAL NAME | |
| Personal name | A.Kayode Coker ,ph.D. |
| 9 (RLIN) | 52231 |
| 245 #0 - TITLE STATEMENT | |
| Title | Modeling of Chemical Kinetics and Reactor Design / |
| Statement of responsibility, etc. | Coker |
| 250 ## - EDITION STATEMENT | |
| Edition statement | 2nd edition |
| 260 ## - PUBLICATION, DISTRIBUTION, ETC. | |
| Name of publisher, distributor, etc. | Gulf Professional Publishing |
| Place of publication, distribution, etc. | Boston |
| Date of publication, distribution, etc. | 2001 |
| 300 ## - PHYSICAL DESCRIPTION | |
| Extent | 1096p |
| 942 ## - ADDED ENTRY ELEMENTS (KOHA) | |
| Koha item type | Book |
| Source of classification or shelving scheme | |
| Withdrawn status | Lost status | Source of classification or shelving scheme | Damaged status | Not for loan | Permanent Location | Current Location | Date acquired | Total Checkouts | Full call number | Barcode | Date last seen | Date last checked out | Price effective from | Koha item type |
|---|---|---|---|---|---|---|---|---|---|---|---|---|---|---|
| School of Chemical & Materials Engineering (SCME) | School of Chemical & Materials Engineering (SCME) | 06/11/7 | 1 | 660.281 C682 M | SCME-194 | 10/18/2023 | 06/15/2021 | 04/28/2021 | Book |
